000 00557nam a2200193Ia 4500
003 GCL
008 140319s9999 xx 000 0 ara d
040 _aGCL /
_cGCL
082 0 4 _a657.837
_bم ف
100 1 _aمدحت شاهين
245 1 0 _aفن خدمة المأكولات فى الفنادق و المطاعم /
_cمدحت شاهين
300 _a342 ص
490 _aفن خدمة الفنادق
_v0
650 0 4 _aالفنادق
650 0 4 _aالسياحة
650 0 4 _aالمشروبات
650 0 4 _aالمأكولات
942 _2ddc
_cBK
999 _c39550
_d39550